Espectroscopia infrarroja / (Record no. 46749)

MARC details
000 -LEADER
campo de control de longitud fija 00733nam a2200241 i 4500
001 - NÚMERO DE CONTROL
campo de control 46749
003 - IDENTIFICADOR DE NÚMERO DE CONTROL
campo de control ES-MaACL
005 - FECHA Y HORA DE LA ÚLTIMA TRANSACCIÓN
campo de control 20230906161436.0
007 - CAMPO FIJO DE DESCRIPCIÓN FÍSICA--INFORMACIÓN GENERAL
campo de control de longitud fija t|
008 - DATOS DE LONGITUD FIJA--INFORMACIÓN GENERAL
campo de control de longitud fija 030331s1979 sp ||||1| spa d
100 1# - ENTRADA PRINCIPAL--NOMBRE DE PERSONA
Nombre de persona Conley, Robert T.
9 (RLIN) 40196
245 10 - MENCIÓN DEL TÍTULO
Título Espectroscopia infrarroja /
Mención de responsabilidad, etc. Robert T. Conley ; versión de J. Calderón Martínez, R. Avendaño Ruiz.
250 ## - MENCION DE EDICION
Mención de edición [1ª ed.].
260 ## - PUBLICACIÓN, DISTRIBUCIÓN, ETC.
Lugar de publicación, distribución, etc. [Madrid] :
Nombre del editor, distribuidor, etc. Alhambra,
Fecha de publicación, distribución, etc. [1979]
300 ## - DESCRIPCIÓN FÍSICA
Extensión VIII, 346 p. :
Otras características físicas il. ;
Dimensiones 24 cm.
490 1# - MENCIÓN DE SERIE
Mención de serie Vertix
700 1# - ENTRADA AGREGADA--NOMBRE PERSONAL
Nombre de persona Calderón Martínez, J.
9 (RLIN) 33621
700 1# - ENTRADA AGREGADA--NOMBRE PERSONAL
Nombre de persona Avendaño Ruiz, R.
9 (RLIN) 24018
830 0# - PUNTO DE ACCESO ADICIONAL DE SERIE-TÍTULO UNIFORME
Título uniforme Vertix
9 (RLIN) 180780
852 ## - LOCALIZACIÓN
Ubicación ES-MaACL
Número de control de estantería A-10731
Sublocalización o colección R.99881
852 ## - LOCALIZACIÓN
Ubicación ES-MaACL
Número de control de estantería A-10847
Sublocalización o colección R.100091
Holdings
Estatus retirado Estado de pérdida Estado de daño No para préstamo Biblioteca de origen Biblioteca actual Ubicación en estantería Fecha de adquisición Fuente de adquisición Total de préstamos Signatura topográfica completa Código de barras Visto por última vez Precio de reemplazo Tipo de ítem Koha
        Biblioteca del Ateneo de Madrid Biblioteca del Ateneo de Madrid Depósito 1 17/01/2008     A-10731 1049170 23/02/2023 23/02/2023 Libro impreso
        Biblioteca del Ateneo de Madrid Biblioteca del Ateneo de Madrid Depósito 1 17/01/2008     A-10847 1049171 23/02/2023 23/02/2023 Libro impreso